Luis XVI / (Record no. 88076)

MARC details
000 -LEADER
campo de control de longitud fija 00652nam a2200205 i 4500
001 - NÚMERO DE CONTROL
campo de control 88076
003 - IDENTIFICADOR DE NÚMERO DE CONTROL
campo de control ES-MaACL
007 - CAMPO FIJO DE DESCRIPCIÓN FÍSICA--INFORMACIÓN GENERAL
campo de control de longitud fija t|
008 - DATOS DE LONGITUD FIJA--INFORMACIÓN GENERAL
campo de control de longitud fija 050103s1945 sp ||||1| spa d
100 1# - ENTRADA PRINCIPAL--NOMBRE DE PERSONA
Nombre de persona La Fuye, Maurice de.
9 (RLIN) 69151
245 10 - MENCIÓN DEL TÍTULO
Título Luis XVI /
Mención de responsabilidad, etc. Maurice de La Fuye ; [versión española de Félix Archidona].
250 ## - MENCION DE EDICION
Mención de edición [1ª ed. española traducida de la original francesa].
260 ## - PUBLICACIÓN, DISTRIBUCIÓN, ETC.
Lugar de publicación, distribución, etc. Zaragoza :
Nombre del editor, distribuidor, etc. Cronos,
Fecha de publicación, distribución, etc. 1945 (
Fabricante Librería General)
300 ## - DESCRIPCIÓN FÍSICA
Extensión 414 p. ;
Dimensiones 20 cm.
490 1# - MENCIÓN DE SERIE
Mención de serie La pluma ;
Designación de volumen o secuencia 1
700 1# - ENTRADA AGREGADA--NOMBRE PERSONAL
Nombre de persona Archidona, Félix.
9 (RLIN) 22486
830 0# - PUNTO DE ACCESO ADICIONAL DE SERIE-TÍTULO UNIFORME
Título uniforme La pluma ;
Designación de volumen o secuencia 1
9 (RLIN) 183299
852 ## - LOCALIZACIÓN
Ubicación ES-MaACL
Número de control de estantería E-914
Sublocalización o colección R.28521
Holdings
Estatus retirado Estado de pérdida Estado de daño No para préstamo Biblioteca de origen Biblioteca actual Ubicación en estantería Fecha de adquisición Fuente de adquisición Total de préstamos Signatura topográfica completa Código de barras Visto por última vez Precio de reemplazo Tipo de ítem Koha
        Biblioteca del Ateneo de Madrid Biblioteca del Ateneo de Madrid Depósito 2 17/01/2008     E-914 1092004 23/02/2023 23/02/2023 Libro impreso